| 000 | 00592nam a22001937a 4500 | ||
|---|---|---|---|
| 005 | 20220405175405.0 | ||
| 008 | 220404b |||||||| |||| 00| 0 eng d | ||
| 020 |
_a9788176710947 _qpbk |
||
| 082 |
_a891.209 _bKAP |
||
| 100 | _aKapoor, Kapil | ||
| 245 | _aLiterary theory : Indian conceptual framework | ||
| 250 | _ac.1998 ; Rep. 2013 | ||
| 260 |
_aNew Delhi _bAffiliated East-West Press _c1998 |
||
| 300 | _avii, 210p. ; 23cm. | ||
| 653 | _aIndic literature (English) | ||
| 653 | _aIndic literature -- History and criticism -- Theory | ||
| 700 | _aRatnam, Nalini M. | ||
| 942 |
_2ddc _cBK |
||
| 999 |
_c50171 _d50171 |
||